[Event "World op 38th"]
[Site "Philadelphia"]
[Date "2010.07.02"]
[Round "4"]
[White "Stripunsky, Alexander"]
[Black "Macak, Stefan"]
[Result "1-0"]
[WhiteElo "2570"]
[BlackElo "2411"]
[PlyCount "157"]
[EventDate "2010.06.29"]
[EventType "swiss"]
[EventRounds "9"]
[EventCountry "USA"]
[SourceTitle "CBM 137 Extra"]
[Source "ChessBase"]
[SourceDate "2010.09.01"]
[SourceVersion "1"]
[SourceVersionDate "2010.09.01"]
[SourceQuality "1"]

1. e4 e6 2. f4 d5 3. e5 c5 4. Nf3 Nc6 5. c3 Nge7 6. Na3 Nf5 7. Nc2 h5 8. d4 cxd4 9. cxd4 Qb6 10. Bd3 Be7 11. Bxf5 exf5 12. 0-0 Be6 13. Be3 a5 14. Rb1 Qb5 15. Bf2 Nb4 16. a3 Nxc2 17. Qxc2 Kd7 18. a4 Qb6 19. Qd1 Rac8 20. Be1 Rc6 21. Bc3 Qa6 22. h3 g6 23. Qd2 Rhc8 24. Ra1 R8c7 25. Rfc1 b6 26. Kh2 Qc8 27. Ng1 h4 28. Qd3 Ke8 29. Ne2 Bd7 30. b3 Qa8 31. Be1 Rxc1 32. Rxc1 Rxc1 33. Nxc1 Qc6 34. Bd2 Bd8 35. Ne2 b5 36. Nc3 Ke7 37. Be1 Ke6 38. Qd2 b4 39. Nb5 Bc8 40. Na7 Qc7 41. Nxc8 Qxc8 42. Qd3 Qc6 43. Bd2 Be7 44. Kg1 Kd7 45. Kf2 Kc7 46. Ke1 Kd7 47. Kd1 Bd8 48. Be1 Be7 49. Bf2 Bd8 50. Qe2 Be7 51. Qf3 Ke6 52. Qd3 Bd8 53. g3 hxg3 54. Bxg3 Be7 55. Be1 Bd8 56. h4 Be7 57. Qe2 Qb6 58. Qd3 Qc6 59. Bf2 Bd8 60. Qf1 Be7 61. Qe2 Bf8 62. Be1 Qb6 63. Qd3 Qc6 64. Ke2 Be7 65. Bf2 Bf8 66. Kf3 Be7 67. Kg2 Bd8 68. Qe2 Kd7 69. Qf3 Be7 70. Qd3 Bf8 71. h5 Bh6 72. Kf3 Ke6 73. hxg6 fxg6 74. Be3 Bf8 75. Qf1 Kf7 76. Qd3 Ke6 77. Ke2 Be7 78. Kd1 Bf8 79. Bf2 1-0